MDQL
is popping MORE tags! Check the
thread
!
Quizzes
Events
Quiz Creation
Community
Videos
Private Events
Remove Ads
Sign In
Join for FREE
Feedback
Dark Mode
Quiz Categories
Sports
Geography
Music
Movies
Television
Just For Fun
Miscellaneous
History
Literature
Language
Science
Gaming
Entertainment
Religion
Holiday
For Kids
Quiz Lab
Recent
Popular Today
Quiz Kudos Today
Editor Picks
Curator Picks
Quizzes by...
Day
Popularity
Type
Ratings
Length
Year
Community
Subscriptions
Recent Discussions
Orange Saloon
Badges
Playlists
Quests
Create
Leaderboards
Showdown
Live 5
Trivia Bingo
Activity
Puzzle Library
Sporcle Events
Private Events
Virtual Trivia
Globe League
Become a Host
Pub Owners
SporcleCon
Opinionation
Our Games
Videos
Blog
Mobile Apps
Partnerships
Remove Ads and Go Orange
Feedback
Sports
Athletes
MLB
NBA
NHL
NFL
Soccer
Sports Teams
WWE
NCAA
Football
Premier League
Basketball
Baseball
Hockey
Golf
Tennis
Cricket
Rugby
Auto Racing
Olympics
World Cup
Sports
Athletes
MLB
NBA
NHL
NFL
Soccer
Sports Teams
WWE
NCAA
Football
Premier League
Basketball
Baseball
Hockey
Golf
Tennis
Cricket
Rugby
Auto Racing
Olympics
World Cup
Random Quiz
Search Sporcle
×
Quiz Lab
Quiz Lab
Sports
Auto Racing
Type in answers that appear in a list
Type in answers that appear in a list
Classic
Best Score? Go Orange.
2000s Chinese F1 GP Final Standings Stats
Do you know the Final Standings of the Chinese F1 GPs of the 2000s?
By
tvisani
9m
136 Questions
317 Plays
317 Plays
317 Plays
Comments
Comments
Give Quiz Kudos
Give Quiz Kudos
-
- Ratings
hide this ad
Replay
Link that replays current quiz
Next Quiz
Link to next quiz in quiz playlist
You Got
0%
They Got
Avg Score
90%
Avg Friend Score
Upgrade to see
Score Distribution
Jump to the score distribution portion of the page
Score
0/136
Timer
09:00
0
Plays Today
Hint
Answer
% Correct
2004
Michael Schumacher
98.4%
2004
Michael Schumacher
98.4%
2004
Ralf Schumacher
98.4%
2005
Ralf Schumacher
98.4%
2005
Michael Schumacher
98.4%
2006
Michael Schumacher
98.4%
2006
Ralf Schumacher
98.4%
2007
Ralf Schumacher
98.4%
2007
Lewis Hamilton
97.5%
2007
Lewis Hamilton
97.5%
2008
Lewis Hamilton
97.5%
2008
Lewis Hamilton
97.5%
2008
Lewis Hamilton
97.5%
2009
Lewis Hamilton
97.5%
2004
Jenson Button
97.2%
2004
Kimi Räikkönen
97.2%
2004
Fernando Alonso
97.2%
2004
Mark Webber
97.2%
2005
Fernando Alonso
97.2%
2005
Kimi Räikkönen
97.2%
2005
Fernando Alonso
97.2%
2005
Kimi Räikkönen
97.2%
2005
Mark Webber
97.2%
2005
Jenson Button
97.2%
2006
Fernando Alonso
97.2%
2006
Fernando Alonso
97.2%
2006
Fernando Alonso
97.2%
2006
Jenson Button
97.2%
2006
Mark Webber
97.2%
2006
Kimi Räikkönen
97.2%
2007
Kimi Räikkönen
97.2%
2007
Fernando Alonso
97.2%
2007
Jenson Button
97.2%
2007
Mark Webber
97.2%
2008
Kimi Räikkönen
97.2%
2008
Fernando Alonso
97.2%
2008
Mark Webber
97.2%
2008
Jenson Button
97.2%
2009
Mark Webber
97.2%
2009
Jenson Button
97.2%
2009
Fernando Alonso
97.2%
2009
Kimi Räikkönen
97.2%
2004
Rubens Barrichello
96.8%
2004
Rubens Barrichello
96.8%
2005
Rubens Barrichello
96.8%
2006
Rubens Barrichello
96.8%
Hint
Answer
% Correct
2007
Rubens Barrichello
96.8%
2008
Rubens Barrichello
96.8%
2009
Rubens Barrichello
96.8%
2009
Rubens Barrichello
96.8%
2004
Juan Pablo Montoya
95.9%
2005
Juan Pablo Montoya
95.9%
2004
Felipe Massa
95.6%
2005
Felipe Massa
95.6%
2006
Felipe Massa
95.6%
2007
Felipe Massa
95.6%
2007
Felipe Massa
95.6%
2007
Sebastian Vettel
95.6%
2008
Felipe Massa
95.6%
2008
Sebastian Vettel
95.6%
2009
Sebastian Vettel
95.6%
2009
Sebastian Vettel
95.6%
2009
Felipe Massa
95.6%
2004
Giancarlo Fisichella
95.3%
2005
Giancarlo Fisichella
95.3%
2006
Giancarlo Fisichella
95.3%
2007
Giancarlo Fisichella
95.3%
2008
Giancarlo Fisichella
95.3%
2009
Giancarlo Fisichella
95.3%
2005
Jarno Trulli
94.6%
2006
Robert Kubica
94.6%
2006
Jarno Trulli
94.6%
2007
Jarno Trulli
94.6%
2007
Robert Kubica
94.6%
2008
Robert Kubica
94.6%
2008
Jarno Trulli
94.6%
2009
Robert Kubica
94.6%
2009
Jarno Trulli
94.6%
2004
Jacques Villeneuve
94.3%
2005
Jacques Villeneuve
94.3%
2004
Takuma Sato
94%
2005
Takuma Sato
94%
2006
Takuma Sato
94%
2007
Takuma Sato
94%
2007
Heikki Kovalainen
92.7%
2008
Heikki Kovalainen
92.7%
2009
Heikki Kovalainen
92.7%
2004
David Coulthard
92.1%
2005
David Coulthard
92.1%
2006
David Coulthard
92.1%
2007
David Coulthard
92.1%
2008
David Coulthard
92.1%
Hint
Answer
% Correct
2004
Nick Heidfeld
91.2%
2006
Nick Heidfeld
91.2%
2007
Nick Heidfeld
91.2%
2008
Nick Heidfeld
91.2%
2009
Nick Heidfeld
91.2%
2006
Nico Rosberg
86.4%
2007
Nico Rosberg
86.4%
2008
Nico Rosberg
86.4%
2009
Nico Rosberg
86.4%
2009
Sébastien Buemi
85.2%
2004
Timo Glock
84.9%
2008
Timo Glock
84.9%
2009
Timo Glock
84.9%
2006
Scott Speed
84.5%
2008
Kazuki Nakajima
83%
2009
Kazuki Nakajima
83%
2008
Nelson Piquet Jr
82.6%
2009
Nelson Piquet Jr
82.6%
2006
Pedro de la Rosa
82.3%
2007
Adrian Sutil
82.3%
2008
Adrian Sutil
82.3%
2009
Adrian Sutil
82.3%
2007
Alexander Wurz
81.4%
2004
Christian Klien
80.4%
2005
Christian Klien
80.4%
2006
Vitantonio Liuzzi
79.8%
2007
Vitantonio Liuzzi
79.8%
2005
Tiago Monteiro
79.5%
2006
Tiago Monteiro
79.5%
2008
Sébastien Bourdais
78.2%
2009
Sébastien Bourdais
78.2%
2004
Olivier Panis
77.9%
2005
Narain Karthikeyan
77.6%
2005
Christijan Albers
77.3%
2006
Christijan Albers
77.3%
2004
Zsolt Baumgartner
75.4%
2007
Anthony Davidson
72.2%
2005
Robert Doornbos
69.4%
2006
Robert Doornbos
69.4%
2006
Sakon Yamamoto
69.1%
2007
Sakon Yamamoto
69.1%
2005
Antônio Pizzonia
59%
2004
Ricardo Zonta
58.7%
2004
Gianmaria Bruni
54.3%
Quiz Playlist
Details
Report
Send in Message
Add To Playlist
Classic:
Type in answers that appear in a list
Last Updated: Mar 23, 2017
Quiz Scoreboard
CHALLENGE
Sign Up to Join the Scoreboard
Show All
Scores
Hide
Comments
May contain spoilers
Recently Published
1-10 Letter E Words III
by El_Dandy
Language
2m
Street Fighter Characters
by Artimus82
Gaming
60s
College Basketball Coaching Resumes
by pancakes188
Sports
9m
More to Explore
Quiz From the Vault
Featured Blog Post
Where Did the Easter Bunny Come From?
hide this ad
You Might Also Like...
Tags
Auto Racing Quiz
China
F1 Drivers
F1 Races
F1 Season
Formula 1
Formula One
Grand Prix
Grands Prix
motorsport
Today's Top Quizzes in Sports
Browse Sports
hide this ad
Today's Top Quizzes in Auto Racing
Browse Auto Racing
Top Contributed Quizzes in Sports
1
2022 World Cup Stars
2
Les meilleurs buteurs des matchs entre le PSG et l’OM
3
FIFA Club World Cup Champions
4
Les entraîneurs de l'OM et du PSG au 21e siècle
5
Criteria MLB: Left Handed Sluggers
6
2023 MLB Unique Player Accomplishments
7
AFC Teams Reveal (Wrong Answers Minefield)
8
Players with Multiple 50 Home Run Seasons
9
5-to-1: FBS Animal Nicknames
10
5-to-1: UK Sports Teams
Explore More
Trending Topics
Kpop
Disney
Harry Potter
Crossword
Anime
NBA
Marvel
WWE
Soccer
The Office
NFL
Song
Puzzle
Pokémon
Country
hide this ad
More By:
tvisani
Quiz
Plays
Rating
Category
Featured
Created
F1 Teams Lineage
29,528
4.63
Sports
Sep 23, 2019
McLaren F1 Drivers
13,103
4.95
Sports
Oct 30, 2016
Ferrari F1 Drivers
10,977
5.00
Sports
Oct 31, 2016
Red Bull F1 Drivers
6,375
5.00
Sports
Oct 30, 2016
Renault F1 Drivers
6,235
5.00
Sports
Oct 30, 2016
Go to Creator's Profile
Score Distribution
Quiz Creator Spotlight
tvisani
Follow
Send a Message
Quizzes Created
-
Created Quiz Play Count
-
More By This Creator
Popular Quizzes Today
1
Find the US States - No Outlines Minefield
2
Find the Countries of Europe - No Outlines Minefield
3
The Countries of the World
4
Find the US States
5
Risky Map Clicking: Biggest States A-Z
6
US States
7
Popular People in 1961
8
Movies - When Are They Set?
More Sports Quizzes
MLB players with 25 hr and 25 sb , season , 2000s
Quiz Lab
Trending Quizzes
Risky Map Clicking: Least Populous States A-Z
1-10 Letter G Words
1-10 Letter F Words
Countries of the World: 200 Million BC
Risky Map Clicking: Next State Alphabetically
Recently Updated
Beyoncé Albums
pecheneg
Leaping Animals
pecheneg
Reality TV Shows (A-Z)
bhenderson79
Rickey Henderson's Hall of Fame Teammates
pecheneg
Champions League XIs: Arsenal
pecheneg
Quick Pick: Celebrities in WWE's Hall of Fame
aduchscher
A-Z Keypad Blitz II
pecheneg
Multiple Oscar Actors
pecheneg
Mystery Phrase Blitz: Oscar 'Best Actors'
pecheneg
F. Scott Fitzgerald Novels
LTH
Trending Topics
Crossword
Disney
Anime
Marvel
NBA
Kpop
Harry Potter
WWE
Song
Puzzle
The Office
Country
Pokémon
NFL
Soccer
Your Account Isn't Verified!
In order to create a playlist on Sporcle, you need to verify the email address you used during registration. Go to your
Sporcle Settings
to finish the process.
Report this User
Report this user for behavior that violates our
Community Guidelines
.
Details:
Send Report
Go to the Sporcle.com Mobile Site →
Comments